000 00706nam a2200289Ia 4500
005 20260324144913.0
008 008 260324s9999 xx 000 0 eng d
020 _a9780429038181
037 _aEBOOK
040 _aCRL
040 _beng
040 _cCRL
041 _2eng
041 _aeng
084 _qCRL
100 _aMonte R. Bullard
_91207883
245 0 _aChina's Political/military Evolution
245 4 _bThe Party And The Military In The Prc, 1960-1984
260 _bTaylor and Francis
260 _c1985
365 _a
365 _b230
856 _uhttp://www.taylorfrancis.com/books/9780429038181
942 _cEBOOK
999 _c1828235
_d1828235